| 000 | 00495cam a2200193ua 4500 | ||
|---|---|---|---|
| 020 | _c75 | ||
| 041 |
_aeng _h |
||
| 082 |
_a005.369 _bGRI/TE |
||
| 100 | _aGrimes, Galen . | ||
| 245 |
_aTen Minute guide to Netscape communicator 4 / _cGalen Grimes. _hTextual Documents |
||
| 250 |
_a1 / _b. |
||
| 260 |
_aNew Delhi : _bPrentice Hall of India Pvt Ltd. , _c1998. |
||
| 300 | _a ; . | ||
| 365 | _a75 | ||
| 504 | _a | ||
| 700 | 1 | _aKinkoph, Sherry . | |
| 942 | _cBK | ||
| 999 |
_c2976 _d2976 |
||